000 00482nam a2200169Ia 4500
003 GCL
008 140319s9999 xx 000 0 eng d
040 _aGCL /
_cGCL
082 0 4 _a371.39442
_bO P
100 1 _aOFIESH, GABRIEL D
245 1 0 _aPROGRAMED INSTRUCTION: A GUIDE FOR MANAGEMENT /
_cOFIESH, GABRIEL D
260 _a[S.N] :
_bTHE AMERICAN MANAGEMENT ،
_c1965
300 _a416 P
650 0 4 _aPROGRAMMED INSTRUCTION
650 0 4 _aPROGRAMMED LEARNING
942 _2ddc
_cBK
999 _c14880
_d14880